000 00930nas a2200289 4500
001 BR9804934
003 BR-BrBNA
005 20231205101130.0
007 ta
008 230509b bl.|||p| |||| 00| 00por d
040 _aBR-BrBNA
_bpor
_cBiblioteca Nacional de Agricultura
041 _a(Pt)
072 _aL70
100 1 _aPigatto, J.A.T.
100 1 _aPippi, N.L.
100 1 _aMarchionatti, A.E.
100 1 _aSouza, R.L.
100 1 _aGodoy, C.L.B.
100 1 _aGraca, D.L.
245 1 _aEnxerto homologo de centro frenico, preservado em glicerina, na reconstrucao parcial da parede esofagica cervical em caninos
650 _aCao
650 _aEnxerto
650 _aEsofago
773 0 _tArquivos da Faculdade de Veterinaria da Universidade Federal do Rio Grande do Sul (Brazil)
_xISSN 0101-5230
_g(1997), v. 25(2) p. 116-124
_wBR9804934
909 _a202311
_bLúcia
_c55
_dLúcia Elande
942 _2AGRIS
_n0
_cANA
999 _c159936
_d159936